| 000 | 02734nam a2200409 a 4500 | ||
|---|---|---|---|
| 001 | Z_4259 | ||
| 003 | CHAP | ||
| 005 | 20250507125143.0 | ||
| 007 | ta | ||
| 008 | 220113s1993 mx a fr 001 0 spa d | ||
| 010 | _a167322 | ||
| 020 | _a968-24-4648-1 | ||
| 040 |
_aZ _cCHAP _erda |
||
| 041 | 0 |
_bEspañol _fEspañol |
|
| 082 |
_a636.21420824 _bF47 1993 _220 |
||
| 100 | 1 |
_aFernández de Córdoba de la Barrera, Luis _9141484 _eautor |
|
| 245 | 1 | 0 |
_aReproducción aplicada en el ganado bovino lechero / _cLuis Fernández de Córdoba de la Barrera |
| 250 | _aPrimera edición | ||
| 264 | 1 |
_aMéxico : _bTrillas, _c1993 |
|
| 300 |
_a137 páginas : _bilustraciones, tablas, diagramas |
||
| 336 |
_2rdacontent _atexto _btxt |
||
| 337 |
_2rdamedia _asin medio _bn |
||
| 338 |
_2rdacarrier _avolumen _bnc |
||
| 500 | _aej.1 - ej.3: C/E | ||
| 504 | _aBibliografía: páginas 107 - 112 | ||
| 505 | 0 | _aPrólogo -- Agradecimientos -- Introducción -- Cap. 1. Consideraciones generales -- Cap. 2. Manejo del parto -- Cap. 3. Manejo del puerperio -- Cap. 4. Reinicio de la actividad ovárica -- Cap. 5. Anestro -- Cap. 6. Detección de calores -- Cap. 7. Servicio -- Cap. 8. Diagnóstico de gestación -- Cap. 9. Anestro postservicio -- Cap. 10. Seguimiento de la gestación y preparación al parto -- Cap. 11. Preparación al parto -- Cap. 12. Medicina preventiva -- Bibliografía -- Ilustraciones en color -- Índice analítico. | |
| 520 | _aEl continuo crecimiento de la población mundial provoca que la demanda alimenticia crezca a un ritmo más acelerado que la producción de satisfactores. Ante esta situación, resulta prioritario impulsar a las industrias ganadera y lechera; sin embargo, para mejorar la producción de un hato lechero se requiere conocimientos profundos, tanto del proceso reproductivo como de los métodos y técnicas para manejarlo y controlarlo. Esta guía teoricopráctica está dedicada al ganadero, al médico veterinario zootecnista y a todas las personas relacionadas con la producción lechera. Su objetivo es dar a conocer el proceso reproductivo en sus diferentes etapas: parto, puerperio, ciclo estral, inseminación artificial y gestación, a fin de que el interesado aprenda a mejorar tanto la producción como la productividad del ganado lechero, y sea capaz de resolver los problemas que se presentan al aplicar los métodos y las técnicas de reproducción bovina. | ||
| 650 | 1 | 3 |
_aGanado bovino lechero _9145779 |
| 650 | 1 | 3 |
_aReproducción de animales _9144201 |
| 650 | 1 | 3 |
_aPeriodo posparto _9189792 |
| 650 | 1 | 3 |
_aCiclo estral _9190317 |
| 650 | 1 | 3 |
_aPartos en ganado bovino _9189791 |
| 901 | _a636.21420824 F47 1993 | ||
| 902 | _aM | ||
| 910 | _a1993 | ||
| 942 |
_cLIBRO _2ddc |
||
| 999 |
_c167322 _d167322 |
||